The rigid-frame bridge, (Record no. 547219)
[ view plain ]
| 000 -LEADER | |
|---|---|
| fixed length control field | 00517cam a22001691 4500 |
| 082 ## - DEWEY DECIMAL CLASSIFICATION NUMBER | |
| Classification number | 624.3 |
| Author Mark | HAY |
| -- | L-19, P-17 |
| 100 1# - MAIN ENTRY--PERSONAL NAME | |
| Personal name | Hayden, Arthur G. |
| 9 (RLIN) | 43393 |
| 245 14 - TITLE STATEMENT | |
| Title | The rigid-frame bridge, |
| Statement of responsibility, etc. | by Arthur G. Hayden and Maurice Barron. |
| 250 ## - EDITION STATEMENT | |
| Edition statement | 3d ed. |
| 260 ## - PUBLICATION, DISTRIBUTION, ETC. | |
| Place of publication, distribution, etc. | New York, |
| Name of publisher, distributor, etc. | Wiley |
| Date of publication, distribution, etc. | [1950] |
| 300 ## - PHYSICAL DESCRIPTION | |
| Extent | x, 240 p. |
| Other physical details | illus. |
| Dimensions | 24 cm. |
| 526 ## - STUDY PROGRAM INFORMATION NOTE | |
| Program name | 0 |
| Interest level | 0 |
| Reading level | 0 |
| Title point value | 624_300000000000000_HAY |
| 650 #0 - SUBJECT ADDED ENTRY--TOPICAL TERM | |
| Topical term or geographic name entry element | Bridges |
| General subdivision | Design and construction. |
| 9 (RLIN) | 801 |
| 650 #0 - SUBJECT ADDED ENTRY--TOPICAL TERM | |
| Topical term or geographic name entry element | MCE |
| 9 (RLIN) | 379 |
| 700 1# - ADDED ENTRY--PERSONAL NAME | |
| Personal name | Barron, Maurice, |
| 9 (RLIN) | 43394 |
| 942 ## - ADDED ENTRY ELEMENTS (KOHA) | |
| Source of classification or shelving scheme | |
| Koha item type | Book |
| Withdrawn status | Lost status | Source of classification or shelving scheme | Damaged status | Not for loan | Permanent Location | Current Location | Date acquired | Total Checkouts | Full call number | Barcode | Date last seen | Date last checked out | Price effective from | Koha item type |
|---|---|---|---|---|---|---|---|---|---|---|---|---|---|---|
| Military College of Engineering (MCE) | Military College of Engineering (MCE) | 07/04/2014 | 1 | 624.3 HAY | MCE-1691 | 09/26/2017 | 09/26/2017 | 07/04/2014 | Book |
